Statistics for Formula 1 Driver's First Wins

Click here to take the quiz!

General Stats

  • This quiz has been taken 4 times
  • The average score is 8 of 31

Answer Stats

DriverFirst Grand Prix Win% Correct
Lewis Hamilton2007 Canadian Grand Prix
67%
Sebastian Vettel2008 Italian Grand Prix
67%
Pastor Maldonado2012 Spanish Grand Prix
67%
Max Verstappen2016 Spanish Grand Prix
67%
Pierre Gasly2020 Italian Grand Prix
67%
Sergio Perez2020 Sakhir Grand Prix
67%
Esteban Ocon2021 Hungarian Grand Prix
67%
Jean Alesi1995 Canadian Grand Prix
33%
Olivier Panis1996 Monaco Grand Prix
33%
Rubens Barrichello2000 German Grand Prix
33%
Juan Pablo Montoya2001 Italian Grand Prix
33%
Fernando Alonso2003 Hungarian Grand Prix
33%
Jarno Trulli2004 Monaco Grand Prix
33%
Jenson Button2006 Hungarian Grand Prix
33%
Robert Kubica2008 Canadian Grand Prix
33%
Heikki Kovalainen2008 Hungarian Grand Prix
33%
Charles Leclerc2019 Belgian Grand Prix
33%
Johnny Herbert1995 British Grand Prix
0%
David Coulthard1995 Portuguese Grand Prix
0%
Jacques Villeneuve1996 European Grand Prix
0%
Mika Hakkinen1997 European Grand Prix
0%
Heinz-Harald Frentzen1997 San Marino Grand Prix
0%
Eddie Irvine1999 Australian Grand Prix
0%
Ralf Schumacher2001 San Marino Grand Prix
0%
Giancarlo Fisichella2003 Brazilian Grand Prix
0%
Kimi Raikkonen2003 Malaysian Grand Prix
0%
Felipe Massa2006 Turkish Grand Prix
0%
Mark Webber2009 German Grand Prix
0%
Nico Rosberg2012 Chinese Grand Prix
0%
Daniel Ricciardo2014 Canadian Grand Prix
0%
Valtteri Bottas2017 Russian Grand Prix
0%

Score Distribution

Percentile by Number Answered

Percent of People with Each Score

Your Score History

You have not taken this quiz